Méltón ünnepelték a VIT megnyitóját a ruhagyári fiatalok
Elmentve itt :
| Dokumentumtípus: | Cikk |
|---|---|
| Megjelent: |
1957-07-30
|
| Sorozat: | Délmagyarország
|
| Kulcsszavak: | Textilipar Szeged 1957 |
| Online Access: | http://dmarchiv.bibl.u-szeged.hu/53311 |
| LEADER | 00429nab a2200145 i 4500 | ||
|---|---|---|---|
| 001 | delm53311 | ||
| 005 | 20180927141924.0 | ||
| 008 | 180927s1957 hu o 0|| hun d | ||
| 040 | |a SZTE Délmagyarország Archívum |b hun | ||
| 041 | |a hun | ||
| 245 | 0 | 0 | |a Méltón ünnepelték a VIT megnyitóját a ruhagyári fiatalok |h [elektronikus dokumentum] |
| 260 | |c 1957-07-30 | ||
| 300 | |a 3 | ||
| 490 | 0 | |a Délmagyarország | |
| 695 | |a Textilipar Szeged 1957 | ||